MARC

LEADER 00000nam0a2200000 4500
001 296424
005 20231102000914.0
035 |a (RuTPU)RU\TPU\book\321530 
090 |a 296424 
100 |a 20150530d1984 km y0rusy50 ca 
101 0 |a rus 
102 |a RU 
105 |a a z 001zy 
200 1 |a Методические рекомендации по расчету виброизоляции гидроагрегатов литьевых машин (термопластавтоматов)  |f Всесоюзный научно-исследовательский институт охраны труда (ВНИИОТ) ; под ред. В. В. Мясникова 
210 |a Ленинград  |c Изд-во ВНИИОТ  |d 1984 
215 |a 31 с.  |c ил. 
320 |a Библиогр.: с. 29-30 
606 1 |a Литьевые формы для пластмасс  |2 stltpush  |3 (RuTPU)RU\TPU\subj\40514  |9 60360 
610 1 |a термопластавтоматы 
610 1 |a термопластики 
610 1 |a виброизоляция 
610 1 |a гидроагрегаты 
610 1 |a конструктивные параметры 
610 1 |a расчеты 
610 1 |a эффективность 
610 1 |a методические рекомендации 
675 |a 678.073  |v 4 
702 1 |a Мясников  |b В. В.  |4 340 
712 0 2 |a Всесоюзный научно-исследовательский институт охраны труда (ВНИИОТ)  |c (Москва)  |c (1933-1960)  |2 stltpush  |3 (RuTPU)RU\TPU\col\9305 
801 1 |a RU  |b 63413507  |c 20150530 
801 2 |a RU  |b 63413507  |c 20181023  |g RCR 
942 |c BK